000 00955nas a2200277 454500
001 35617
005 20260407193509.0
008 260407s1994####ag###########|||spa#d
003 AR-UNSa-BCEJYS
040 _aAR-UNSa-BCEJYS
_bspa
_cAR-UNSa-BCEJYS
080 _a330
_xEconomía en general
245 1 0 _aAnuario
_ppublicación de trabajos docentes
264 1 _aTrelew :
_bUniversidad Nacional de la Patagonia San Juan Bosco
_c1994
310 _aFrecuencia: Anual
041 _aspa
942 _cSER
590 _aniveau_biblio:s niveau_hierar:1
100 1 _aUniversidad Nacional de la Patagonia San Juan Bosco. Facultad de Ciencias Económicas
650 _aAdministración
650 _aPolítica económica
650 _aModelo económico
650 _aECONOMIA INTERNACIONAL
650 _aTEORIA ECONOMICA
650 _aEDUCACION SUPERIOR
856 4 1 _uhttps://biblioeco.unsa.edu.ar/pmb/images/revistas/R18115.jpg
_yImagen de portada
_qimage/jpeg
999 _c8770
_d8770